Sportifs.ves Français.es sans lettre répétée - Statistiques

Statistiques générales
  • Ce quiz a été pris 44 fois
  • Le résultat moyen est 7 sur 20
Statistiques - réponses
Lettre en moins Toutes lettres % Correct
MA_I_-JOS_, P_ _ _C Marie-Jose Perec
78%
L_ _RE, M_ N _ _DO_ Laure Manaudou
68%
_ L_V_E_, G_ _ _ UD Olivier Giroud
58%
T_N_, _ _KA Tony Yoka
58%
_ _ULI_ _, F_ _ _ _ _ D-_ _ _VOT Pauline Ferrand Prévot
50%
_ST_BA_, _C_ _ Esteban Ocon
48%
F_BI_, QU_ _T_ _ _ _ _ Fabio Quartararo
48%
T_ _ _Y, _IN_ _ Teddy Riner
48%
CHAR_O_ _E, _U_Z Charlotte Lutz
40%
DOR_A_E, P_ _ Doriane Pin
40%
G_BR_E_ _ _, _ _ _ _D_K_S Gabriella Papadakis
40%
J_ A_ _ I_, L_ _ G_ Jeannie Longo
33%
F_ _ _ ES, ZI_M Farres Ziam
28%
_R_SN_L, KI_ _ _ _B_ Presnel Kimpembe
28%
M_ _ _ _, DO_ _N H_B_ _T Marie Dorin-Habert
25%
_ _ _ _ _ _ _ _, _ _ _A_ _ Zinédine Zidane
10%
J_ _ _-_H_L_ _ _ _, G_T_ _ _ Jean-Philippe Gatien
5%
W_ _ _I_, _ _ _A_ _ Wendie Renard
5%
_ _ _ LI_, _ _UR_S_O Amélie Mauresmo
3%
M_ _ _H_ _ _, _ _N_O_ _ Matthias Dandois
0%
Aucun quiz correspondant
Distribution des résultats
% des personnes avec chaque résultat
Percentile par nombre de réponses
Votre historique - résultats
Vous n’avez pas pris ce quiz